00485nam a2200145Ia 4500008004100000041001200041082001100053100001700064245008100081260000600162650000600168942000700174999001700181952014100198221030s9999 xx 000 0 und d aEnglish a105.23 aV. K. Khanna 0aDigital Signal processing Telecommunications and Multimediacby V. K. Khanna c0 aB cBK c10526d10526 pB 1630l0o105.23 r2022-10-30 00:00:00w2022-10-30yBK003Print4070aMIETLIBbMIETLIBcBL-, FL-, CUP-0, SH-0, R-0d2012-05-2810HBE